Alle Ferrari Formel 1 Rennsieger - Statistiken

Allgemein
  • Dieses Quiz wurde 73 mal gespielt
  • Das Durchschnittsergebnis liegt bei 22 aus 40
Antwortstatistiken
Anzahl
Siege
Nation Rennsieger für Ferrari
aktiv
% Korrekt
72 Deutschland Michael Schumacher 1996 - 2006
100%
14 Deutschland Sebastian Vettel 2015 - 2020
97%
15 Österreich Niki Lauda 1974 - 1977
95%
8 Monaco Charles Leclerc 2019 -
93%
10 Finnland Kimi Räikkönen 2007 - 2009,2014 - 2018
91%
11 Spanien Fernando Alonso 2010 - 2014
90%
11 Brasilien Felipe Massa 2006 - 2013
86%
4 Spanien Carlos Sainz 2021 - 2024
84%
9 Brasilien Rubens Barrichello 2000 - 2005
84%
6 Kanada Gilles Villeneuve 1977 - 1982
78%
3 Argentinien Juan Manuel Fangio 1956
78%
5 Frankreich Alain Prost 1990 - 1991
76%
13 Italien Alberto Ascari 1950 -1954
72%
5 Österreich Gerhard Berger 1987 -1989,1993 - 1995
72%
3 USA Phil Hill 1958 - 1962
71%
3 Südafrika Jody Scheckter 1979 - 1980
62%
1 USA Mario Andretti 1971 - 1972, 1982
60%
3 Großbritannien Nigel Mansell 1989 - 1990
57%
5 Argentinien Carlos Reutemann 1976 - 1978
55%
4 Großbritannien Eddie Irvine 1996 - 1999
53%
6 Belgien Jacky Ickx 1968, 1970 - 1973
50%
3 Großbritannien Mike Hawthorn 1953 - 1955,1957 - 1958
50%
1 Italien Giuseppe Farina 1952 - 1955
48%
4 Großbritannien John Surtees 1963 - 1966
48%
2 Deutschland Wolfgang von Trips 1957 - 1961
48%
1 Frankreich Jean Alesi 1991 - 1995
45%
4 Schweiz Clay Regazzoni 1970 - 1972,1974 - 1976
43%
3 Frankreich René Arnoux 1983 - 1985
38%
2 Frankreich Didier Pironi 1981 - 1982
34%
3 Italien Michele Alboreto 1984 - 1988
29%
2 Frankreich Patrick Tambay 1982 - 1983
26%
3 Großbritannien Peter Collins 1956 - 1958
22%
1 Italien Giancarlo Baghetti 1961 - 1962, 1966
21%
1 Italien Lorenzo Bandini 1962 - 1967
21%
2 Argentinien José Froilán González 1951 - 1960
19%
1 Italien Luigi Musso 1956 - 1958
19%
1 Italien Piero Taruffi 1951 - 1955
17%
2 Großbritannien Tony Brooks 1959
17%
1 Italien Ludovico Scarfiotti 1963 - 1967
16%
1 Frankreich Maurice Trintignant 1954 - 1955, 1958
16%
Keine übereinstimmenden Quizze gefunden
Verteilung der Resultate
Anzahl Personen mit jedem Resultat
Perzentil nach korrekt beantworteten Fragen
Ihre Resultats-Entwicklung
Sie haben dieses Quiz noch nicht gespielt